Music Quiz

Random Music or Bands Quiz

Making the Band Quiz Stats

Quiz Updated Sep 26, 2017

Also try: Moviemaking
Challenge
Share
Tweet
Embed
Score 0/20 Timer 05:00
5 Plays Today
Phrase Band % Correct
____ Mario Bros.Supertramp
98%
Give the ___ shoulderColdplay
95.8%
Safe and ____Soundgarden
92.8%
Video Killed the ____ StarRadiohead
92.3%
Happily ____ afterEverclear
91.7%
Don't ____ around the bush(The) Beatles
90.9%
____ Brick RoadYellowcard
89.3%
Freudian ____Slipknot
88.6%
The best things in ____ are freeLifehouse
88.2%
Another Brick in the ____(The) Wallflowers
86.7%
Phrase Band % Correct
He ____-and-dimed meNickelback
81.6%
Great ____ sharkWhitesnake
81%
Not in my back ____!(The) Yardbirds
79%
¿___ pasa?Queen
77.6%
As ___ is my witnessGodsmack
70.9%
Water ___ a duck's back(The) Offspring
66.3%
___-Saharan AfricaSublime
63.3%
Battering ___Ramones
60.6%
___ for the courseParamore
58.9%
Maxwell's ____ HammerSilverchair
58.2%

You're not logged in!

Compare scores with friends on all Sporcle quizzes.
Sign Up with Email
OR
Log In

You Might Also Like...

Show Comments

Extras

Top Quizzes Today


Score Distribution

Your Account Isn't Verified!

In order to create a playlist on Sporcle, you need to verify the email address you used during registration. Go to your Sporcle Settings to finish the process.